000 00402 a2200157 4500
999 _c3185
_d3185
020 _a0000
050 _aHD 59 BLA 2000
100 _aBlack, Sam
245 _aPractical public relations /
_cSam Black
250 _a4th ed.
264 _aNew Dehli
_bUniversal book stall
_c2000
300 _axiii,229p.
500 _ainclude index
650 _aPublic relations
942 _2lcc
_cBK
_e4th ed.
_h59
_iBLA
_kHD